| 000 | 00455cam a2200181ua 4500 | ||
|---|---|---|---|
| 001 | 5279 | ||
| 005 | 20260515113846.0 | ||
| 008 | 120808n ii |||gr||||Z||||||eng | ||
| 040 | _cMAIN | ||
| 082 | _a821 | ||
| 100 |
_aGeorge, A. G., _d1928, _eAuthor, |
||
| 245 | 1 | 1 |
_aT. S. Eliot his mind and art _cby A. G. George |
| 250 | _a2nd. | ||
| 260 |
_aBombay: _bAsia publishing house, _c1969. |
||
| 300 |
_a310p: _c23cm. |
||
| 653 | _aEnglish poetry | ||
| 942 | _cBK | ||
| 999 |
_c4457 _d4457 |
||